000 00800nam a22002417a 4500
005 20251108170834.0
008 250721s1995 xx 000 0 ara d
020 _a9772702096
082 1 4 _aط/923.9/بجي
100 1 _aالبجيرمي، سامي
245 1 0 _aالإدريسي و الكرة المجسمة :
_bالكرة المجسمة /
264 1 _aالقاهرة :
_bالدار المصرية اللبنانية،
_c1995.
300 _a15ص.
490 0 _aالرحالة العرب و الأجانب
_v4
650 1 7 _aالتراجم
650 1 7 _aالاكتشافات الجغرافية
650 1 7 _aالرحالة
653 _a(سنة 14-10) ناشئون صغار
653 _aالإدريسي
700 1 _aقطب، محمد
_eCart.
942 _2ddc
_cBK
999 _c50224
_d50224